[Event "AUTO-ELITE-132"]
[Site "http://www.queenalice.com/game.php?id=268248"]
[Date "2007.9.7"]
[Round "1"]
[White "Amadeus"]
[Black "bronenosec"]
[Result "1/2-1/2"]
[WhiteElo "2446"]
[BlackElo "2267"]

1. d4 Nf6 2. c4 e6 3. Nf3 b6 4. a3 Ba6 5. Qc2 Bb7 6. Nc3 c5 7. e4 cxd4 8. Nxd4
d6 9. Be2 Be7 10. O-O O-O 11. Rd1 Qd7 12. Nf3 Qc7 13. Bf4 e5 14. Be3 Nbd7 15. b4
Rfc8 16. Qd3 Qd8 17. Nh4 g6 18. Nf3 a5 19. Nd2 axb4 20. axb4 Rxa1 21. Rxa1 Ra8
22. Rxa8 Qxa8 23. Nd5 Bf8 24. Qc3 Qc8 25. Nxf6+ Nxf6 26. f3 Qc7 27. Qa3 Bc8 28.
Nb1 Qb7 29. Nc3 Be7 30. Kf2 Bd7 31. Nb5 Kg7 32. Qa1 Bxb5 33. cxb5 Qb8 34. Qa6
Bd8 35. Qa2 d5 36. exd5 Qd6 37. Qd2 Qxd5 38. Bh6+ Kg8 39. Bc4 Qxd2+ 40. Bxd2
1/2-1/2

[Event "AUTO-ELITE-132"]
[Site "http://www.queenalice.com/game.php?id=268249"]
[Date "2007.9.7"]
[Round "1"]
[White "bronenosec"]
[Black "crubiov"]
[Result "1-0"]
[WhiteElo "2301"]
[BlackElo "2347"]

1. d4 Nf6 2. c4 e6 3. Nf3 d5 4. Nc3 Be7 5. Bg5 O-O 6. e3 h6 7. Bh4 Nbd7 8. Rc1
c5 9. cxd5 Nxd5 10. Bxe7 Nxe7 11. Be2 b6 12. dxc5 Nxc5 13. b4 Qxd1+ 14. Rxd1 Nd7
15. O-O Nf6 16. a3 Bb7 17. Ne5 Nfd5 18. Nxd5 Nxd5 19. Rc1 Rfc8 20. Bc4 a6 21.
Bxd5 exd5 22. Rfd1 Rxc1 23. Rxc1 Rc8 24. Rxc8+ Bxc8 25. Kf1 Kf8 26. Ke2 Ke7 27.
Kd3 g5 28. Kd4 f6 29. Nd3 Kd6 30. Nc1 Bf5 31. Ne2 Be6 32. Ng3 Bd7 33. Nh5 Ke6
34. f4 Bb5 35. g4 Be2 36. Ng7+ Kd7 37. Nf5 Ke6 38. Nxh6 Bf3 39. a4 a5 40. bxa5
bxa5 41. Kc5 Be2 42. fxg5 fxg5 43. Kb6 Ke5 44. Kxa5 Ke4 45. Kb6 Kxe3 46. Nf5+
Kf4 47. h3 Bd3 48. Kc5 Ke4 49. Nd4 Ke5 50. Nb5 Kf4 51. Nc7 Kg3 52. Nxd5 Kxh3 53.
Nf6 Kg3 54. Kb6 Kf4 55. a5 Ke5 56. Ng8 Kf4 57. Nh6 Bc4 58. a6 Bxa6 59. Kxa6 Kf3
60. Kb7 Kf4 61. Kc6 1-0

[Event "AUTO-ELITE-132"]
[Site "http://www.queenalice.com/game.php?id=268250"]
[Date "2007.9.7"]
[Round "1"]
[White "crubiov"]
[Black "bronenosec"]
[Result "0-1"]
[WhiteElo "2361"]
[BlackElo "2287"]

1. e4 e5 2. Nf3 Nf6 3. Nxe5 d6 4. Nf3 Nxe4 5. Nc3 Nxc3 6. dxc3 Be7 7. Bc4 O-O 8.
O-O Nc6 9. Re1 Bf5 10. Nd4 Nxd4 11. cxd4 Bf6 12. c3 Re8 13. Rxe8+ Qxe8 14. Bd2
b5 15. Bf1 b4 16. Qb3 Rb8 17. cxb4 Bxd4 18. Re1 Qc6 19. b5 Qb6 20. Qf3 g6 21. b3
d5 22. Rc1 Re8 23. Rc6 Qb8 24. Bc3 Be4 25. Qg3 Bxc3 26. Rxc3 Re7 27. Qh4 Qd8 28.
f3 Bf5 29. Qd4 Re1 30. a4 Rb1 31. Rc5 Be6 32. b4 Qd6 33. f4 Re1 34. Rc6 Qe7 35.
Qc5 Qf6 36. Qc3 Qxc3 37. Rxc3 d4 38. Rxc7 d3 39. Kf2 d2 40. Be2 d1=Q 41. Bxd1
Rxd1 42. Rxa7 Rd4 43. b6 Rxf4+ 44. Ke3 Rxb4 45. a5 Kg7 46. b7 Bd5 47. a6 Bxg2
48. Kd2 Rb5 49. Ke3 Kf6 50. Kf2 Bd5 51. Ke2 Ke5 52. Ra8 Bxb7 53. axb7 Rxb7 54.
Kf3 Rb3+ 55. Kg4 f5+ 56. Kg5 Rh3 57. Re8+ Kd4 58. Re2 Kd3 0-1

[Event "Challenge"]
[Site "http://www.queenalice.com/game.php?id=281693"]
[Date "2007.10.5"]
[Round "-"]
[White "bronenosec"]
[Black "Whitecharger"]
[Result "1-0"]
[WhiteElo "2241"]
[BlackElo "2230"]

1. d4 d5 2. c4 e5 3. dxe5 d4 4. Nf3 Nc6 5. a3 Be6 6. b4 Bxc4 7. Nbd2 Be6 8. b5
Na5 9. Qa4 c5 10. bxc6 Nxc6 11. Nb3 Bd7 12. Qc4 Rc8 13. Qd3 Qc7 14. Bb2 Nge7 15.
Rc1 Nf5 16. g4 Nfe7 17. Nfxd4 Qxe5 18. Nc5 Nxd4 19. Bxd4 Qf4 20. Be3 Qxg4 21.
Rg1 Qf5 22. Qb3 Qd5 23. Qb2 Bc6 24. Bh3 Rd8 25. Bg2 Qh5 26. Nxb7 Bxb7 27. Bxb7
f6 28. Rc5 Qxh2 29. Rg3 1-0

[Event "Challenge"]
[Site "http://www.queenalice.com/game.php?id=281694"]
[Date "2007.10.5"]
[Round "-"]
[White "bronenosec"]
[Black "jsteffi1"]
[Result "1-0"]
[WhiteElo "2249"]
[BlackElo "2256"]

1. d4 Nf6 2. c4 e6 3. Nc3 d5 4. Nf3 c6 5. e3 Be7 6. Bd3 Nbd7 7. O-O O-O 8. Qb3
Qb6 9. Qc2 h6 10. Bd2 Rd8 11. h3 dxc4 12. Bxc4 c5 13. Rac1 cxd4 14. exd4 a6 15.
a3 Qc7 16. Qb3 Qd6 17. Na4 Nd5 18. Rfe1 N7f6 19. Bd3 b5 20. Nc5 Qb6 21. Ne5 Bd6
22. Bb1 Ra7 23. a4 Rc7 24. Qg3 Kf8 25. a5 Qa7 26. b4 Bb7 27. Bd3 Ba8 28. Red1
Ne8 29. Qh4 Ndf6 30. Rc3 Rdc8 31. Bc2 Nd5 32. Rg3 Ndf6 33. Re1 Bd5 34. Rxg7 Nxg7
35. Qxf6 Kg8 36. Re3 Nh5 37. Qxh6 f5 38. Qxh5 Rg7 39. Ng6 Rh7 40. Qg5 Rg7 41.
Nxe6 Bxe6 42. Rxe6 Qxd4 43. Bb3 1-0

[Event "Let's Play Chess!"]
[Site "http://www.queenalice.com/game.php?id=284750"]
[Date "2007.10.11"]
[Round "-"]
[White "Petrozan"]
[Black "bronenosec"]
[Result "1/2-1/2"]
[WhiteElo "2226"]
[BlackElo "2253"]

1. e4 c5 2. Nf3 Nc6 3. d4 cxd4 4. Nxd4 Nf6 5. Nc3 d6 6. Bg5 e6 7. Bb5 Bd7 8. O-O
Be7 9. Qd2 h6 10. Bh4 O-O 11. Rad1 Qb6 12. Nxc6 Bxc6 13. Bxc6 bxc6 14. Qd3 Rfe8
15. b3 Qb4 16. Rfe1 d5 17. Bxf6 Bxf6 18. e5 Be7 19. Ne2 c5 20. c3 Qa3 21. Rd2
1/2-1/2

[Event "Challenge"]
[Site "http://www.queenalice.com/game.php?id=294292"]
[Date "2007.10.28"]
[Round "-"]
[White "pickles"]
[Black "bronenosec"]
[Result "1/2-1/2"]
[WhiteElo "2160"]
[BlackElo "2252"]

1. e4 c5 2. Nf3 d6 3. d4 cxd4 4. Nxd4 Nf6 5. Nc3 Nc6 6. Bg5 e6 7. Qd2 a6 8.
O-O-O Bd7 9. f4 b5 10. Bxf6 gxf6 11. Nxc6 Bxc6 12. Qe1 Be7 13. Bd3 Qb6 14. Kb1
Qc5 15. f5 b4 16. Ne2 a5 17. fxe6 fxe6 18. Nf4 Qe5 19. Rf1 Rc8 20. Ba6 Rc7 21.
Qe3 Rg8 22. Nd3 Qxe4 23. Qb6 Bd8 24. Rxf6 Rc8 25. Qa7 Bxf6 26. Bxc8 Rxg2 27. Qb8
Bd8 28. Qxd6 Qd5 29. Qf4 Qf5 30. Qb8 Qh5 31. Rf1 Rd2 32. Qg3 Rd1+ 33. Rxd1 Qxd1+
34. Nc1 Kf7 35. Qf4+ Kg6 36. Bxe6 Bg5 37. Qf7+ Kh6 38. Qf8+ 1/2-1/2

[Event "Challenge"]
[Site "http://www.queenalice.com/game.php?id=306826"]
[Date "2007.11.19"]
[Round "-"]
[White "bronenosec"]
[Black "pickles"]
[Result "1-0"]
[WhiteElo "2279"]
[BlackElo "2181"]

1. d4 d5 2. c4 e6 3. Nc3 Nf6 4. Nf3 c6 5. Bg5 dxc4 6. e4 b5 7. a4 Bb7 8. axb5
cxb5 9. Nxb5 Bxe4 10. Bxc4 Bb4+ 11. Nc3 Nc6 12. O-O Bxf3 13. Qxf3 Nxd4 14. Qe3
Nf5 15. Bb5+ Kf8 16. Qh3 Bc5 17. Rad1 Qa5 18. g4 Nd6 19. Bxf6 Nxb5 20. Ne4 Nd6
21. Bc3 Qb6 22. Nxc5 Qxc5 23. Qf3 Rc8 24. Qf4 e5 25. Bxe5 Nc4 26. Bc3 Qc6 27.
Rd4 h5 28. Bb4+ Kg8 29. Rc1 Qe6 30. Rdxc4 Rxc4 31. Rxc4 Qxg4+ 32. Qxg4 hxg4 33.
Rxg4 a6 34. Bc3 Rh7 35. Kg2 Kf8 36. Rg5 1-0

[Event "AUTO-ELITE-141"]
[Site "http://www.queenalice.com/game.php?id=310538"]
[Date "2007.11.26"]
[Round "1"]
[White "bronenosec"]
[Black "sbirulino"]
[Result "0-1"]
[WhiteElo "2305"]
[BlackElo "2270"]

1. e4 c5 2. Nc3 d6 3. f4 g6 4. Nf3 Bg7 5. Bc4 Nc6 6. O-O Nf6 7. d3 O-O 8. Qe1
Nd4 9. Bb3 a5 10. Nxd4 cxd4 11. Nb5 a4 12. Bc4 Qb6 13. e5 Ne8 0-1

[Event "AUTO-ELITE-141"]
[Site "http://www.queenalice.com/game.php?id=310539"]
[Date "2007.11.26"]
[Round "1"]
[White "sbirulino"]
[Black "bronenosec"]
[Result "1-0"]
[WhiteElo "2256"]
[BlackElo "2319"]

1. e4 c5 2. Nc3 Nc6 3. Bb5 Nd4 4. Ba4 g6 5. Nge2 Bg7 6. O-O e6 7. Nxd4 cxd4 8.
Nb5 Qb6 9. c3 a6 10. Nxd4 Ne7 11. Nf3 O-O 12. d4 d5 13. exd5 1-0

[Event "AUTO-ELITE-141"]
[Site "http://www.queenalice.com/game.php?id=310540"]
[Date "2007.11.26"]
[Round "1"]
[White "bronenosec"]
[Black "Sidinei"]
[Result "1-0"]
[WhiteElo "2288"]
[BlackElo "2420"]

1. d4 Nf6 2. c4 e6 3. Nf3 Nc6 4. Nc3 d5 5. e3 g6 6. Bd3 Bg7 7. O-O O-O 8. h3 Re8
9. Bd2 b6 10. Rc1 Bb7 11. a3 a6 12. Qc2 Na5 13. cxd5 exd5 14. b4 Nc6 15. Ng5 h6
16. Nxf7 Kxf7 17. Bxg6+ 1-0

[Event "AUTO-ELITE-141"]
[Site "http://www.queenalice.com/game.php?id=310541"]
[Date "2007.11.26"]
[Round "1"]
[White "Sidinei"]
[Black "bronenosec"]
[Result "0-1"]
[WhiteElo "2409"]
[BlackElo "2304"]

1. Nf3 c5 2. e4 Nc6 3. Nc3 e6 4. d4 cxd4 5. Nxd4 Nf6 6. Ndb5 d6 7. Be2 Be7 8.
O-O O-O 9. Be3 a6 10. Nd4 e5 11. Nb3 a5 12. Nd2 d5 13. Nxd5 Nxd5 14. exd5 Qxd5
15. Nc4 Qxd1 0-1

[Event "AUTO-ELITE-143"]
[Site "http://www.queenalice.com/game.php?id=316550"]
[Date "2007.12.7"]
[Round "1"]
[White "Levino"]
[Black "bronenosec"]
[Result "1/2-1/2"]
[WhiteElo "2210"]
[BlackElo "2289"]

1. e4 c5 2. Nf3 d6 3. d4 cxd4 4. Nxd4 Nf6 5. Nc3 e6 6. Bg5 Be7 7. f4 O-O 8. Qf3
e5 9. Nf5 Bxf5 10. exf5 e4 11. Qh3 Qb6 12. O-O-O Rc8 13. Qg3 Nbd7 14. Be2 Qc5
15. Rd2 Qxf5 16. Nd5 Bf8 17. Rhd1 Qe6 18. Kb1 Nxd5 19. Rxd5 Rc5 20. f5 Qxd5 21.
Rxd5 Rxd5 22. Qg4 Re8 23. f6 Ree5 24. fxg7 Rxg5 25. gxf8=Q+ Nxf8 26. Qxe4 Rde5
27. Qf3 Ne6 28. c3 Nc5 29. h4 Ne4 30. Kc2 1/2-1/2

[Event "AUTO-ELITE-143"]
[Site "http://www.queenalice.com/game.php?id=316551"]
[Date "2007.12.7"]
[Round "1"]
[White "bronenosec"]
[Black "Levino"]
[Result "1/2-1/2"]
[WhiteElo "2292"]
[BlackElo "2207"]

1. e4 c5 2. Nc3 Nc6 3. f4 e6 4. Nf3 d5 5. exd5 exd5 6. Bb5 d4 7. Qe2+ Be7 8. Ne4
Nh6 9. Nxc5 O-O 10. Nd3 Bh4+ 11. g3 Re8 12. Nde5 Bf6 13. Bxc6 bxc6 14. O-O c5
15. b3 Qb6 16. a4 Bh3 17. Re1 Rac8 18. Ba3 Qb8 19. Qd3 Qb7 20. Rac1 Bxe5 21.
fxe5 Bf5 22. Qf1 Qd5 23. Nh4 Bd7 24. c4 Qb7 25. Rb1 a5 26. Qf4 Bh3 27. Qf3 Qb6
28. Re4 1/2-1/2

[Event "AUTO-ELITE-143"]
[Site "http://www.queenalice.com/game.php?id=316556"]
[Date "2007.12.7"]
[Round "1"]
[White "bronenosec"]
[Black "headhunter"]
[Result "1-0"]
[WhiteElo "2296"]
[BlackElo "2268"]

1. Nf3 Nf6 2. g3 d5 3. Bg2 Bg4 4. c4 c6 5. b3 Nbd7 6. Bb2 e6 7. O-O Bd6 8. d3
O-O 9. Nc3 Qe7 10. Qd2 Rac8 11. h3 Bh5 12. Rac1 Bb4 13. Qe3 Qd6 14. d4 Rfd8 15.
a3 Ba5 16. g4 Bg6 17. Ne5 Nf8 18. Na4 Qb8 19. Nc5 Bc7 20. f4 Bd6 21. Rf2 b6 22.
Ncd3 Be4 23. g5 Bxg2 24. gxf6 Be4 25. c5 Bxe5 26. fxe5 Ng6 27. h4 Nxh4 28. Qg5
Ng6 29. fxg7 Rd7 30. Rh2 Kxg7 31. Nf4 Kg8 32. Nh5 f6 33. Nxf6+ Kh8 34. Nxd7 1-0

[Event "AUTO-ELITE-143"]
[Site "http://www.queenalice.com/game.php?id=316557"]
[Date "2007.12.7"]
[Round "1"]
[White "headhunter"]
[Black "bronenosec"]
[Result "0-1"]
[WhiteElo "2362"]
[BlackElo "2307"]

1. e4 c5 2. Nf3 e6 3. d4 cxd4 4. Nxd4 Nf6 5. Nc3 Nc6 6. Ndb5 d6 7. Bf4 e5 8. Bg5
a6 9. Na3 b5 10. Nd5 Be7 11. Bxf6 Bxf6 12. c3 Bb7 13. Nc2 Nb8 14. a4 bxa4 15.
Nce3 O-O 16. Qxa4 Nd7 17. Rd1 Nc5 18. Qc2 Bg5 19. Nf5 g6 20. b4 Bxd5 21. Rxd5
Nb7 22. h4 Bf6 23. Nh6+ Kg7 24. Ng4 a5 25. b5 h5 26. Nxf6 Qxf6 27. Be2 a4 28. g3
a3 29. O-O Nc5 30. Bc4 Rfc8 31. Ba2 Qe7 32. Rfd1 Rcb8 33. Qe2 Rd8 34. R5d2 Ra5
35. Bd5 Na4 36. Rc1 Qa7 37. Kg2 Rc8 38. Rdc2 Qc5 39. c4 Nb6 40. Bc6 Ra4 41. f3
Rb4 42. Kh2 Rb3 43. Rf1 Qb4 44. Rf2 Na4 45. Kg2 Rb2 46. Qd1 Rxc2 47. Rxc2 Nb2
48. Qb1 Qb3 49. Re2 Qxc4 50. Re3 Qa4 51. Re2 Nd1 52. Qa1 Qb3 53. Ra2 Ne3+ 54.
Kg1 Nc2 55. Rxc2 Qxc2 56. Qxa3 Qc5+ 57. Qxc5 dxc5 58. Kf2 Kf6 59. Bd5 Rb8 60.
Bc4 Ke7 61. Ke2 f6 62. Ke3 Kd6 63. Kd3 Rb7 64. Bd5 Rxb5 65. Bf7 Ra5 66. Bxg6
Ra3+ 67. Ke2 c4 0-1